000 01618nam a22004217a 4500
003 CHAP
005 20220329140922.0
008 971013s1963 r 00010 d
010 _a59811
011 _a60783
035 _a64945
040 _cCHAP
082 _a330.1
_bH52Y 1963
100 0 0 _aHicks, John Richard.
_955165
245 _aEstructura de la economía ; introducción al estudio del ingreso nacional
250 _a7 ed.
260 _aMéxico, D. F. :
_bFondo de Cultura Económica,
_c1963
300 _a282 p.
590 _aBATCH-UPD
_b10
_c20130110
_lUCH01
_h1814
590 _aBATCH-UPD
_b10
_c20130410
_lUCH01
_h1149
590 _aBATCH-UPD
_b10
_c20130914
_lUCH01
_h1232
590 _aCONVERSION
_b10
_c20130109
_lUCH01
_h1332
650 1 4 _aEconomía.
_935226
650 1 4 _aIngresos.
_958362
700 0 _aHart, Albert Gailord.
_952922
901 _aBK
942 _cLIBRO
949 _a330.1 H52Y 1963
_bBC
_cBPA
_d-143467
_eBPA
_fc.4
_i64945
_si
949 _a330.1 H52Y 1963
_bBC
_cBPA
_d-143468
_eBPA
_fc.5
_i64945
_si
949 _a330.1 H52Y 1963
_bBC
_cBPA
_d-143469
_eBPA
_fc.6
_i64945
_si
949 _a330.1 H52Y 1963
_bBC
_cBPA
_d-143470
_eBPA
_fc.7
_i64945
_si
949 _a330.1 H52Y 1963
_bBC
_cBPA
_d-143471
_eBPA
_fc.8
_i64945
_si
949 _a330.1 H52Y 1963
_bBC
_cBPA
_d-143472
_eBPA
_fc.9
_i64945
_si
949 _a330.1 H52Y 1963
_bBC
_cBPA
_d-143473
_eBPA
_fc.10
_i64945
_si
949 _a330.1 H52Y 1963
_bBC
_cLIBRO
_d33724000314381
_eLIBRO
_i64945
_si
949 _a330.1 H52Y 1963
_bBC
_cLIBRO
_d33724000314407
_eLIBRO
_fc.3
_i64945
_si
949 _a330.1 H52Y 1963
_bBC
_cLIBRO
_d33724000314423
_eLIBRO
_fc.2
_i64945
_si
999 _c59811
_d59811